00667 2200229 4500001002100000005001500021035002000036245008900056100002700145250001000172300002100182700002800203264004500231336002100276337003000297338002300327082001400350084002100364020002200385650002000407990001000427INLIS00000000000034320220620011051 a0010-06220003401 aSapere aude! : antara cinta, benua biru, dan waktu itu /cAstrid Tito & Budy Sugandi0 aAstrid TitoePengarang acet.1 a209 hlm ;c22 cm0 aBudy SugandiePengarang aJakarta :bGramedia Pustaka Utama,c2018 2rdacontentaTeks 2rdamediaaTanpa Perantara 2rdacarrieraVolume a899.221 3 a899.221 3 AST s a978-602-03-7845-9 4aFiksi Indonesia a21.35